Hundred years of Indian rubber plantation industry. 4. Extention to non-traditional areas (Record no. 72740)

MARC details
000 -LEADER
fixed length control field 00439nam a2200157Ia 4500
100 ## - MAIN ENTRY--AUTHOR NAME
Personal name Thomas K.K.
245 #0 - TITLE STATEMENT
Title Hundred years of Indian rubber plantation industry. 4. Extention to non-traditional areas
260 ## - PUBLICATION, DISTRIBUTION, ETC. (IMPRINT)
Name of publisher Rubber
Year of publication 2002
300 ## - PHYSICAL DESCRIPTION
Number of Pages 30-32
650 ## - SUBJECT ADDED ENTRY--TOPICAL TERM
Topical Term History
650 ## - SUBJECT ADDED ENTRY--TOPICAL TERM
Topical Term India
650 ## - SUBJECT ADDED ENTRY--TOPICAL TERM
Topical Term Non traditional areas
650 ## - SUBJECT ADDED ENTRY--TOPICAL TERM
Topical Term Rubber plantation industry
942 ## - ADDED ENTRY ELEMENTS (KOHA)
Koha item type Malayalam
Holdings
Withdrawn status Lost status Damaged status Not for loan Home library Current library Date acquired Serial Enumeration / chronology Koha item type
      Journals RRII Library RRII Library 29/12/2021 Volume 434, Issue Malayalam